000 00685nas a2200217 4500
001 BR9503978
003 BR-BrBNA
005 20231205094129.0
007 ta
008 230509b bl.|||p| |||| 00| 00por d
040 _aBR-BrBNA
_bpor
_cBiblioteca Nacional de Agricultura
041 _a(Pt)
072 _aM12
100 1 _aMachado, W.L.
245 1 _aDistribuicao, abundancia e aspecotos ecologicos de macro-algas marinhas em espigoes do estado do Ceara (Brasil)
650 _aAlga Marinha
650 _aCeara
773 0 _tArquivos de Ciencias do Mar (Brazil)
_x
_g(Dec 1978), v. 18(1-2) p. 43-61
_wBR9503978
909 _a202311
_bLúcia
_c55
_dLúcia Elande
942 _2AGRIS
_n0
_cANA
999 _c142247
_d142247